000 00656nam a2200193 a 4500
001 000046862
005 20240704125435.0
008 180403s2016 dr a 000 0 spa d
020 _a9789945588705
040 _aDO-SdBNP
_bspa
_cBNPHU
082 _axxxx
_bV635
100 1 _aVicioso, Carlos,
_d1965-
_974810
245 1 0 _aYo, Rodrigo de siglos /
_cCarlos Vicioso.
260 _aSanto Domingo :
_bMinisterio de cultura,
_c2016.
300 _a196 p. :
_bil. ;
_c22 cm.
500 _aIncluye datos biográficos del autor en la solapa de la cubierta
500 _aLa biblioteca posee 1 ejemplares autografiados por el autor.
590 _aInventariado, 2018/LP
999 _c46351
_d46351